Sustainable Development Official Statistics and Thematic Indicators As a Compass to Understand Complexity

Guardado en:
Detalles Bibliográficos
Autor principal: Ciaschini, Clio
Otros Autores: Salvati, Luca
Formato: Libro
Lenguaje:inglés
Publicado: Cham Springer 2026
Edición:1st Edition
Materias:
Etiquetas: Agregar Etiqueta
Sin Etiquetas, Sea el primero en etiquetar este registro!

MARC

LEADER 00000nam a2200000 4500
001 0315339
005 20260324145300.7
020 |a 9783032125590 
041 0 |a eng 
044 |a CH 
245 1 0 |a Sustainable Development  |b Official Statistics and Thematic Indicators As a Compass to Understand Complexity  |c Clio Ciaschini and Luca Salvati 
250 |a 1st Edition 
264 1 |a Cham  |b Springer  |c 2026 
300 |a 237 s. 
500 |a ProQuest e-books. 
610 2 0 |a rozvoj trvalo udržateľný 
610 2 0 |a udržateľnosť 
610 2 0 |a Organizácia spojených národov 
610 2 0 |a štatistika 
610 2 0 |a ukazovatele štatistické 
100 1 |a Ciaschini, Clio 
700 1 |a Salvati, Luca